000 00338nam a2200133Ia 4500
005 20251222144715.0
008 251222s9999||||xx |||||||||||||| ||spa||
020 _a978-84-937223-2-6
082 _a658.84/S67
100 _aSomalo, Ignacio
245 0 _aMarketing Online y Comunicación Digital
264 _bWolters Kluwer
942 _cLIB
999 _c17970
_d17970